| 000 | 01564cam a2200349 a 4500 | ||
|---|---|---|---|
| 001 | EDZ0000071564 | ||
| 003 | StDuBDS | ||
| 005 | 20161031105207.0 | ||
| 006 | m||||||||d|||||||| | ||
| 007 | cr ||||||||||| | ||
| 008 | 120405s2005 enka fo| 001|0|eng d | ||
| 020 |
_a9781446211632 (ebook) : _cNo price |
||
| 040 |
_aStDuBDS _beng _cStDuBDS _epn |
||
| 049 | _aAlfaisal Main Library | ||
| 050 | 0 |
_aLB1591.5.G7 _bN49 2005 |
|
| 082 | 0 | 4 |
_a372.3580440941 _223 |
| 100 | 1 |
_aNewton, D. _q(Douglas) |
|
| 245 | 1 | 0 |
_aTeaching design and technology 3-11 _h[electronic resource] / _cDouglas Newton. |
| 260 |
_aLondon : _bPaul Chapman, _c2005. |
||
| 300 |
_a1 online resource (viii, 184 p.) : _bill. |
||
| 504 | _aIncludes bibliographical references and index. | ||
| 520 | 8 | _aAssuming no prior knowledge and using ideas that have been road-tested and developed over many years of teaching and training, this straightforward guide will help prepare student and practising teachers to teach design and technology in the primary school and related activities in the very early years. | |
| 521 | _aSpecialized. | ||
| 588 | _aDescription based on print version record. | ||
| 650 | 0 |
_aTechnology _xStudy and teaching (Elementary) _zGreat Britain. |
|
| 650 | 0 |
_aDesign _xStudy and teaching (Elementary) _zGreat Britain. |
|
| 655 | 7 |
_aElectronic books. _2local |
|
| 710 | 2 | _aSage eBooks | |
| 776 | 0 | 8 |
_iPrint version : _z9781412901611 |
| 856 | 4 | 0 | _uhttp://ezproxy.alfaisal.edu/login?url=http://sk.sagepub.com/books/teaching-design-and-technology-3-11 |
| 942 |
_2lcc _cEBOOKS |
||
| 999 |
_c481402 _d481402 |
||